El puente moderno en España (Record no. 181428)

MARC details
000 -LEADER
campo de control de longitud fija 00961nam a2200241 i 4500
001 - NÚMERO DE CONTROL
campo de control 181428
003 - IDENTIFICADOR DE NÚMERO DE CONTROL
campo de control ES-MaACL
005 - FECHA Y HORA DE LA ÚLTIMA TRANSACCIÓN
campo de control 20250524063101.0
008 - DATOS DE LONGITUD FIJA--INFORMACIÓN GENERAL
campo de control de longitud fija 130116s2001 sp | |||| ||spa d
020 ## - NÚMERO INTERNACIONAL ESTÁNDAR DEL LIBRO
Número Internacional Estándar del Libro 84-95673-66-5
080 ## - NÚMERO DE LA CLASIFICACIÓN DECIMAL UNIVERSAL
Número de la Clasificación Decimal Universal 624.21(460)
100 1# - ENTRADA PRINCIPAL--NOMBRE DE PERSONA
Nombre de persona Navarro Vera, José Ramón,
Fechas asociadas al nombre 1944-
9 (RLIN) 152065
245 13 - MENCIÓN DEL TÍTULO
Título El puente moderno en España
Resto del título : 1850-1950 /
Mención de responsabilidad, etc. José Ramón Navarro Vera.
260 ## - PUBLICACIÓN, DISTRIBUCIÓN, ETC.
Lugar de publicación, distribución, etc. Madrid :
Nombre del editor, distribuidor, etc. Fundación Juanelo Turriano,
Fecha de publicación, distribución, etc. [2001]
300 ## - DESCRIPCIÓN FÍSICA
Extensión 2 v. :
Otras características físicas il. ;
Dimensiones 26 cm.
505 8# - NOTA DE CONTENIDO CON FORMATO
Nota de contenido con formato T. 1-2. La cultura técnica y estética de los ingenieros
650 #4 - PUNTO DE ACCESO ADICIONAL DE MATERIA--TÉRMINO DE MATERIA
Término de materia o nombre geográfico como elemento de entrada Puentes-
Subdivisión geográfica España.
9 (RLIN) 152066
852 ## - LOCALIZACIÓN
Ubicación ES-MaACL
Número de control de estantería A-12523
itemnumber 188328
Sublocalización o colección R.148497
Ubicación en estantería Depósito 1
Signatura antigua Olim: N-5527
Encuadernación Donación: Fundación Juanelo Turriano
852 ## - LOCALIZACIÓN
Ubicación ES-MaACL
Número de control de estantería A-12524
itemnumber 200645
Sublocalización o colección R.148497
Ubicación en estantería Depósito 1
Signatura antigua Olim: N-5528
Encuadernación Donación: Fundación Juanelo Turriano
914 ## - NOMBRE ENTIDAD DE DONANTE
RLIN 4352
Nombre de congreso/reunión o jurisdicción como elemento de entrada Fundación Juanelo Turriano
Unidad subordinada Donante
942 ## - ELEMENTOS DE ENTRADA SECUNDARIOS (KOHA)
Fuente del sistema de clasificación o colocación Clasificación decimal universal
Tipo de ítem Koha Libro impreso
Holdings
Estatus retirado Estado de pérdida Fuente del sistema de clasificación o colocación Estado de daño No para préstamo Biblioteca de origen Biblioteca actual Ubicación en estantería Fecha de adquisición Fuente de adquisición Enumeración/cronología de publicación seriada Total de préstamos Signatura topográfica completa Código de barras Visto por última vez Precio de reemplazo Tipo de ítem Koha
    Clasificación decimal universal     Biblioteca del Ateneo de Madrid Biblioteca del Ateneo de Madrid Depósito 1 16/01/2013 Donación v.1   A-12523 1190669 23/02/2023 23/02/2023 Libro impreso
    Clasificación decimal universal     Biblioteca del Ateneo de Madrid Biblioteca del Ateneo de Madrid Depósito 1 16/01/2013 Donación v.2   A-12524 101205934 17/10/2023 23/02/2023 Libro impreso